000 00580nam a22001937a 4500
005 20251108165812.0
008 250721s1981 xx 000 0 ara d
082 1 4 _aط/536/بار
100 1 _aباركو، برتا موريس
245 1 0 _aالحرارة /
250 _aط5
264 1 _aالقاهرة :
_bدار المعارف،
_c1981.
300 _a34ص : مص
490 0 _aمجموعة الكتب العلمية المبسطة؛2
650 1 7 _aالحرارة
700 1 _aالميناوي، عبد الفتاح
_eترجمة
942 _2ddc
_cBK
999 _c31665
_d31665